000 00348cam a2200133ua 4500
082 _a425
_bTHO/PR
100 _aThomas, A J .
_91925
245 _aPractical English Grammar for Foriegn Students /
250 _a1 /
260 _aLondon :
_bOxford University Press ,
_c1964.
300 _a311 ; .
700 1 _aMartinet, A V .
_91926
942 _cBK
999 _c8890
_d8890